[Event "AUTO-MASTER-137"]
[Site "http://www.queenalice.com/game.php?id=65842"]
[Date "2006.4.28"]
[Round "1"]
[White "Frank"]
[Black "jbrcron"]
[Result "1-0"]
[WhiteElo "1332"]
[BlackElo "1623"]

1. e4 e5 2. Nf3 d6 3. Nc3 Nf6 4. Bc4 Bg4 5. d3 c6 6. Bg5 Be7 7. h3 Bxf3 8. Qxf3
a5 9. a4 d5 10. exd5 Nbd7 11. dxc6 bxc6 12. Qxc6 O-O 13. Qf3 Qb6 14. O-O Qd4 15.
Nb5 Qxb2 16. Nc7 Rac8 17. Nd5 Bc5 18. Qg3 Nxd5 19. Bxd5 Bd4 20. Be7 Qxc2 21.
Bxf8 Bxa1 22. Qxg7# 1-0

[Event "AUTO-MASTER-137"]
[Site "http://www.queenalice.com/game.php?id=65843"]
[Date "2006.4.28"]
[Round "1"]
[White "jbrcron"]
[Black "Frank"]
[Result "1-0"]
[WhiteElo "1632"]
[BlackElo "1445"]

1. e4 e5 2. Nf3 Nc6 3. Nc3 Nf6 4. d3 Bc5 5. h3 d6 6. Bg5 O-O 7. Nd5 Be6 8. Bxf6
gxf6 9. Nh4 Nb4 10. a3 Nxd5 11. exd5 Bxd5 12. Nf5 Qd7 13. Qg4+ 1-0

[Event "Challenge"]
[Site "http://www.queenalice.com/game.php?id=66232"]
[Date "2006.4.30"]
[Round "-"]
[White "Frank"]
[Black "METAL"]
[Result "0-1"]
[WhiteElo "1351"]
[BlackElo "1370"]

1. e4 e5 2. Nf3 Nc6 3. Nc3 Bc5 4. Bc4 Qf6 5. d3 g5 6. Bxg5 Qf4 7. Bxf4 exf4 8.
Qd2 Nf6 9. Qxf4 Rf8 10. Qxf6 b5 0-1

[Event "Challenge"]
[Site "http://www.queenalice.com/game.php?id=71848"]
[Date "2006.5.26"]
[Round "-"]
[White "sissov"]
[Black "Frank"]
[Result "1-0"]
[WhiteElo "1641"]
[BlackElo "1497"]

1. e4 e5 2. Nf3 Nc6 3. d4 Bd6 4. d5 Na5 5. a3 Nf6 6. Bd3 Bc5 7. b4 Bxf2+ 8. Kxf2
Ng4+ 9. Ke2 d6 10. h3 Nf6 11. bxa5 O-O 12. Bg5 b5 13. Bxb5 a6 14. Bc6 Rb8 15.
Nc3 h6 16. Bxf6 Qxf6 17. Rf1 Qg6 18. g4 h5 19. Ke3 hxg4 20. Nxe5 Qg5+ 21. Kd3
Qxe5 22. hxg4 Qg3+ 23. Qf3 Qxg4 24. Rab1 Rxb1 25. Nxb1 f6 26. Qxg4 Bxg4 27. Nd2
g5 28. Bb7 f5 29. Bxa6 Ra8 30. exf5 Rxa6 31. Ne4 Rxa5 32. Nf6+ Kf7 33. Nxg4
Rxd5+ 34. Kc3 1-0

[Event "Challenge"]
[Site "http://www.queenalice.com/game.php?id=78053"]
[Date "2006.6.18"]
[Round "-"]
[White "Frank"]
[Black "mouse"]
[Result "1-0"]
[WhiteElo "1429"]
[BlackElo "1656"]

1. e4 e5 2. Nf3 Nc6 3. Nc3 Bc5 4. Bb5 Nf6 5. d3 d6 6. Bg5 O-O 7. Nd5 h6 8. Bxf6
gxf6 9. Nh4 a6 10. Bxc6 f5 11. exf5 Qxh4 12. g3 Qg5 13. Bxb7 Bxb7 14. Qf3 Bxd5
15. Qxd5 Qxf5 16. O-O h5 17. Qe4 Qh3 18. Qg2 1-0

[Event "Challenge"]
[Site "http://www.queenalice.com/game.php?id=78055"]
[Date "2006.6.18"]
[Round "-"]
[White "mouse"]
[Black "Frank"]
[Result "0-1"]
[WhiteElo "1604"]
[BlackElo "1466"]

1. e4 e5 2. Nf3 Nc6 3. Bc4 Nf6 4. Nc3 a6 5. O-O Bc5 6. Qe1 b5 7. Bb3 d6 8. a4 b4
9. Na2 a5 10. c3 Ba6 11. c4 Bb7 12. d3 Nd4 13. Nxd4 Bxd4 14. Bd1 Qd7 15. h3 Bc6
16. Rb1 Bxa4 17. b3 Bc6 0-1

[Event "Challenge"]
[Site "http://www.queenalice.com/game.php?id=79878"]
[Date "2006.6.25"]
[Round "-"]
[White "Frank"]
[Black "edgar_elka"]
[Result "0-1"]
[WhiteElo "1503"]
[BlackElo "1762"]

1. e4 e5 2. Nf3 Nc6 3. Nc3 Nf6 4. Bc4 Nxe4 5. Nxe4 d5 6. Neg5 f6 7. Ne6 Bxe6 8.
Bb5 Bc5 9. d3 O-O 10. Bxc6 bxc6 11. O-O e4 12. Ne1 f5 13. Bf4 Bd6 14. Bxd6 Qxd6
15. dxe4 fxe4 16. c3 Rf6 17. Nc2 c5 18. Na3 a6 19. c4 d4 20. Re1 Qf4 21. Qc2 Bf5
22. Qc1 Qxc1 23. Raxc1 Raf8 24. h3 Bg6 25. Rf1 e3 26. fxe3 Rxf1+ 27. Rxf1 Rxf1+
28. Kxf1 Bd3+ 29. Kf2 dxe3+ 30. Kxe3 Bf5 31. g4 Bd7 32. Ke4 Bc6+ 33. Ke5 Kf7 34.
g5 g6 0-1

[Event "AUTO-ADV-200"]
[Site "http://www.queenalice.com/game.php?id=83731"]
[Date "2006.7.7"]
[Round "1"]
[White "Frank"]
[Black "yhell"]
[Result "1-0"]
[WhiteElo "1522"]
[BlackElo "1347"]

1. e4 e5 2. Qh5 Qf6 3. Nf3 d6 4. Bc4 g6 5. Qg5 Bh6 6. Qxf6 Nxf6 7. Nc3 c6 8. b3
O-O 9. d3 Bxc1 10. Rxc1 Kg7 11. O-O b5 12. Bxb5 cxb5 13. Nxb5 Ne8 14. d4 f6 15.
d5 Na6 16. c4 f5 17. exf5 Bxf5 18. Ng5 Nec7 19. Nxd6 Nc5 20. Rfe1 Nd3 21. Nxf5+
1-0

[Event "AUTO-ADV-200"]
[Site "http://www.queenalice.com/game.php?id=83732"]
[Date "2006.7.7"]
[Round "1"]
[White "yhell"]
[Black "Frank"]
[Result "0-1"]
[WhiteElo "1347"]
[BlackElo "1531"]

1. e4 e5 2. Bc4 Qh4 3. Qf3 Nf6 4. d3 Bc5 5. g3 Qg4 6. h3 Qxf3 7. Nxf3 Nc6 8. c3
d6 9. Ng5 a6 10. Bxf7+ Ke7 11. Bb3 h6 12. Nf3 b5 13. Nh4 Rh7 14. Ng6+ Ke8 15.
Nd2 h5 16. Nf3 Ne7 17. Ng5 Rh6 18. Nxe7 Kxe7 19. O-O Rg6 20. h4 Ng4 21. Kg2 Rf6
0-1

[Event "AUTO-ADV-200"]
[Site "http://www.queenalice.com/game.php?id=83733"]
[Date "2006.7.7"]
[Round "1"]
[White "Frank"]
[Black "tenmaia"]
[Result "0-1"]
[WhiteElo "1426"]
[BlackElo "1552"]

1. e4 Nc6 2. Nf3 e5 3. Nc3 Nf6 4. Bc4 a6 5. a4 Nb4 6. Nxe5 d5 7. exd5 Nbxd5 8.
Nxd5 Nxd5 9. Qe2 Nb4 10. Nc6+ Be6 11. Nxd8 Kxd8 12. O-O Nxc2 13. Qd3+ Bd6 14.
Qxc2 Kd7 15. Bxe6+ fxe6 16. d4 Raf8 17. Qb3 b6 18. a5 b5 19. d5 e5 20. Bg5 Rf5
21. Qh3 g6 22. Bd2 e4 23. Qb3 Rh5 24. g3 Rh3 25. Qd1 h5 26. Qe2 e3 27. Qxe3 Re8
0-1

[Event "AUTO-ADV-200"]
[Site "http://www.queenalice.com/game.php?id=83734"]
[Date "2006.7.7"]
[Round "1"]
[White "tenmaia"]
[Black "Frank"]
[Result "1-0"]
[WhiteElo "1563"]
[BlackElo "1415"]

1. e4 e5 2. Qh5 Nf6 3. Qxe5+ Qe7 4. Qxe7+ Bxe7 5. e5 Ng4 6. d4 Nc6 7. f3 Nh6 8.
Bxh6 gxh6 9. d5 Nxe5 10. f4 Bf6 11. fxe5 Bxe5 12. c3 b6 13. Nf3 Bf6 14. Bd3 Bb7
15. Be4 O-O-O 16. O-O Rde8 17. Re1 Rhg8 18. Nbd2 h5 19. Bxh7 Rh8 20. Rxe8+ Rxe8
21. Ne4 Be5 22. Nxe5 Rxe5 23. c4 f5 24. Ng3 f4 25. Nf5 a6 26. Kf2 c6 27. Nd6+
Kc7 28. Nf7 1-0

[Event "AUTO-ADV-200"]
[Site "http://www.queenalice.com/game.php?id=83735"]
[Date "2006.7.7"]
[Round "1"]
[White "Frank"]
[Black "chemy204"]
[Result "0-1"]
[WhiteElo "1473"]
[BlackElo "1550"]

1. e4 e5 2. Nf3 Nc6 3. Nc3 Nf6 4. Bc4 d6 5. Ng5 d5 6. Bxd5 Nxd5 7. Qf3 Nf6 8. d3
Nd4 9. Qd1 h6 10. Nf3 Bg4 11. h3 Bxf3 12. gxf3 Bb4 13. Be3 Nb5 14. a3 Nxc3 15.
bxc3 Bxc3+ 16. Bd2 Bxa1 17. Qxa1 Nh5 18. Qxe5+ Qe7 19. Qxh5 O-O-O 20. Qg4+ Rd7
0-1

[Event "AUTO-ADV-200"]
[Site "http://www.queenalice.com/game.php?id=83736"]
[Date "2006.7.7"]
[Round "1"]
[White "chemy204"]
[Black "Frank"]
[Result "1-0"]
[WhiteElo "1536"]
[BlackElo "1487"]

1. e4 e5 2. Nf3 Nc6 3. Nc3 Nf6 4. d4 Bb4 5. a3 Bxc3+ 6. bxc3 Nxe4 7. Nxe5 Qf6 8.
Nf3 Qe6 9. Qe2 O-O 10. Ng5 Nxg5 11. Bxg5 Qf5 12. Be3 Qa5 13. Qd2 d5 14. Bd3 b5
15. O-O Ne7 16. Ra2 Qb6 17. Rb1 a6 18. a4 Qa5 19. Bxb5 Qb6 20. a5 Qg6 21. Bd3
1-0

[Event "Challenge"]
[Site "http://www.queenalice.com/game.php?id=95382"]
[Date "2006.8.13"]
[Round "-"]
[White "karamazowii"]
[Black "Frank"]
[Result "1-0"]
[WhiteElo "1348"]
[BlackElo "1547"]

1. a4 e5 2. b3 Nf6 3. Ba3 Bxa3 4. Nxa3 Nc6 5. e3 d6 6. Qf3 Bg4 7. Qg3 h5 8. f3
Bf5 9. c3 Na5 10. Rb1 Bxb1 11. Nxb1 Nxb3 12. Qxg7 Rf8 13. Qg3 Qd7 14. Qh3 Qxa4
15. Bd3 Qa2 16. g4 Nc5 17. Ke2 1-0